| 000 | 00881nam a22001217a 4500 | ||
|---|---|---|---|
| 040 | _cRUA | ||
| 082 | _aVEM SOU 2014 B435 O.1 | ||
| 100 | _aSOUK VANNY; ស៊ុក វន្នី | ||
| 245 | _aEffect of three kong antibiotics for diarrhea treatment of weaned piglets at top chantha farm in por senchey district, phnop penh, ប្រសិទ្ធភាពអង់ទីប៊ីយ៉ូទិចបីប្រភេទសម្រាប់ព្យាបាលជំងឺរាកកូនជ្រូកក្រោយពេលផ្ដាច់ដោះ នៅកសិដ្ឋានចិញ្ចឹមជ្រូក តុប ចន្ថា ខណ្ឌពោធិ៍ជ័យ រាជធានីភ្នំពេញ | ||
| 300 |
_ax,33p. _bill. _c29cm. |
||
| 856 | _uhttps://drive.google.com/file/d/15ARey2rd2ySmSbjnR5qRdAImXa05Axvp/view?usp=sharing | ||
| 942 | _cVEM | ||
| 999 |
_c7173 _d7173 |
||